Análisis y política económica de los países subdesarrollados / (Registro nro. 11658)
[ vista simple ]
| 000 -LEADER | |
|---|---|
| fixed length control field | 01082nam a2200265Ia 4500 |
| 003 - CONTROL NUMBER IDENTIFIER | |
| control field | OSt |
| 005 - DATE AND TIME OF LATEST TRANSACTION | |
| control field | 20210503134648.0 |
| 008 - FIXED-LENGTH DATA ELEMENTS--GENERAL INFORMATION | |
| fixed length control field | 210310s1965 ck gr 000 0 spa d |
| 040 ## - CATALOGING SOURCE | |
| Original cataloging agency | CO-JMCR |
| Transcribing agency | CO-JMCR |
| 041 1# - LANGUAGE CODE | |
| Language code of text/sound track or separate title | spa |
| Language code of original | eng |
| 082 04 - DEWEY DECIMAL CLASSIFICATION NUMBER | |
| Classification number | 330.9172 / |
| Item number | B344a |
| Edition number | 23 |
| 100 1# - MAIN ENTRY--PERSONAL NAME | |
| Personal name | Bauer, P.T., |
| Relator term | autor |
| 9 (RLIN) | 26107 |
| 245 10 - TITLE STATEMENT | |
| Title | Análisis y política económica de los países subdesarrollados / |
| Statement of responsibility, etc. | P.T. Bauer ; traducción de Joaquín Muns |
| 250 ## - EDITION STATEMENT | |
| Edition statement | Segunda edición |
| 260 ## - PUBLICATION, DISTRIBUTION, ETC. | |
| Place of publication, distribution, etc. | Madrid, España : |
| Name of publisher, distributor, etc. | Tecnos, |
| Date of publication, distribution, etc. | 1965. |
| 300 ## - PHYSICAL DESCRIPTION | |
| Extent | 165 páginas ; |
| Dimensions | 23 cm. |
| 490 0# - SERIES STATEMENT | |
| Series statement | Colección Ciencias Sociales ; |
| Volume/sequential designation | 10. |
| 500 ## - GENERAL NOTE | |
| General note | Notas a pie de página. |
| 504 ## - BIBLIOGRAPHY, ETC. NOTE | |
| Bibliography, etc. note | Bibliografía : páginas 149. |
| 505 0# - FORMATTED CONTENTS NOTE | |
| Formatted contents note | El estudio económico de los países subdesarrollados. -- Algunos rasgos sobresalientes del paisaje económico. Algunos problemas de la política económica de los países subdesarrollados. |
| 650 14 - SUBJECT ADDED ENTRY--TOPICAL TERM | |
| Topical term or geographic name entry element | Análisis económco |
| General subdivision | Países subdesarrollados |
| 9 (RLIN) | 37372 |
| 650 24 - SUBJECT ADDED ENTRY--TOPICAL TERM | |
| Topical term or geographic name entry element | Estudios económicos |
| 9 (RLIN) | 37373 |
| 700 1# - ADDED ENTRY--PERSONAL NAME | |
| Personal name | Muns, Joaquín, |
| Relator term | traductor |
| 9 (RLIN) | 37374 |
| 942 ## - ADDED ENTRY ELEMENTS (KOHA) | |
| Source of classification or shelving scheme | Dewey Decimal Classification |
| Koha item type | Books |
| Withdrawn status | Lost status | Source of classification or shelving scheme | Damaged status | Not for loan | Home library | Current library | Shelving location | Date acquired | Source of acquisition | Full call number | Barcode | Date last seen | Copy number | Price effective from | Koha item type | Total Checkouts |
|---|---|---|---|---|---|---|---|---|---|---|---|---|---|---|---|---|
| Dewey Decimal Classification | Biblioteca Pública José María del Castillo y Rada | Biblioteca Pública José María del Castillo y Rada | General Stacks | 04/15/2018 | Donación | 330.9172 / B344a | 430002103 | 05/16/2024 | Ej.1 | 03/10/2021 | Books | |||||
| Dewey Decimal Classification | Biblioteca Pública José María del Castillo y Rada | Biblioteca Pública José María del Castillo y Rada | General Stacks | 04/15/2018 | Donación | 330.9172 / B344a | 430002104 | 05/16/2024 | Ej.2 | 03/10/2021 | Books |